Aquatic invertebrate cell culture
Aquatic Invertebrate Cell Culture is a very new field which has major applications in Aquaculture, Ecotoxicology and Pathology. In essence it is realised that pathogens behave differently in host cells than the impression gained from growth on agar plates. Another major application of invertebrate c...
Đã lưu trong:
| Príomhúdar: | |
|---|---|
| Formáid: | Leabhar |
| Teanga: | Undetermined |
| Foilsithe: |
London
Springer
2000
|
| Ábhair: | |
| Clibeanna: |
Cuir Clib Leis
Gan Chlibeanna, Bí ar an gcéad duine leis an taifead seo a chlibeáil!
|
| Thư viện lưu trữ: | Trung tâm Học liệu Trường Đại học Cần Thơ |
|---|
| LEADER | 01167nam a2200205Ia 4500 | ||
|---|---|---|---|
| 001 | CTU_192194 | ||
| 008 | 210402s9999 xx 000 0 und d | ||
| 082 | |a 571.6381276 | ||
| 082 | |b M918 | ||
| 100 | |a Mothersill, C. (Carmel) | ||
| 245 | 0 | |a Aquatic invertebrate cell culture | |
| 245 | 0 | |c Carmel Mothersill and Brian Austin | |
| 260 | |a London | ||
| 260 | |b Springer | ||
| 260 | |c 2000 | ||
| 520 | |a Aquatic Invertebrate Cell Culture is a very new field which has major applications in Aquaculture, Ecotoxicology and Pathology. In essence it is realised that pathogens behave differently in host cells than the impression gained from growth on agar plates. Another major application of invertebrate cell culture is an understanding of mechanisms involved in cellular and molecular responses to environmental change. This book aims to consider all relevant advances for the development of aquatic invertebrate cell culture. | ||
| 650 | |a Aquatic invertebrates,Động vật thuỷ sinh | ||
| 650 | |x Cultures and culture media,Văn hóa và môi trường nuôi cấy | ||
| 910 | |a Hải | ||
| 980 | |a Trung tâm Học liệu Trường Đại học Cần Thơ | ||